000 00795nab a2200229u 4500
001 19366
003 HDC
007 c| |||a|c|aaaa
008 210226b20120606my ||||o |||| 00| 0 eng d
040 _aHDC
100 _aJo Arrem & Aquila Style /
_eauthor
_917801
245 0 _aOpinion: Alcohol and the Modern-Day Muslim /
_cJo Arrem & Aquila Style
336 _atext
_2rdacontent
337 _acomputer
_2rdamedia
338 _aonline resource
_2rdacarrier
650 _aalcohol consumption
_917803
650 _aalcohol-based handrub or mouthwash
_917802
856 _zRequest full-text at [email protected]
942 _2lcc
942 _cNEWS
942 _kNWS0 003529
999 _c16682
_d16682